00293 a2200133 4500001000700000020002200007040001100029100004400040240002700084245002200111300000800133362000900141440000900150189572 a978-85-329-0743-1 cMagnum aOliveira, Miguel Henrique Nascimento de10aMundo español 3lpor10aMundo español 3 a1820 a2011 1aLê